Spatial analysis of the financial situation of Slovak households
Popis úrovne, variability, asymetrie a relatívnej nerovnosti vo financiách slovenských domácností. Porovnanie finančnej situácie podľa rôznych podskupín domácností. Analýza relatívnej nerovnosti čistého bohatstva medzi skupinami, ako aj v rámci skupín domácností v SR.
Salvato in:
| Autore principale: | |
|---|---|
| Altri autori: | |
| Natura: | Capitolo di libro |
| Lingua: | inglese |
| Soggetti: | |
| Tags: |
Nessun Tag, puoi essere il primo ad aggiungerne!!
|
MARC
| LEADER | 00000naa$a2200000$$$4500 | ||
|---|---|---|---|
| 001 | 0227147 | ||
| 005 | 20240502083610.2 | ||
| 041 | 0 | |a eng | |
| 044 | |a CZ | ||
| 245 | 1 | 0 | |a Spatial analysis of the financial situation of Slovak households |c Ľubica Sipková, Juraj Sipko |
| 520 | |a Popis úrovne, variability, asymetrie a relatívnej nerovnosti vo financiách slovenských domácností. Porovnanie finančnej situácie podľa rôznych podskupín domácností. Analýza relatívnej nerovnosti čistého bohatstva medzi skupinami, ako aj v rámci skupín domácností v SR. | ||
| 610 | 2 | 0 | |a nerovnosť príjmová |
| 610 | 2 | 0 | |a financie |
| 610 | 2 | 0 | |a chudoba |
| 610 | 2 | 0 | |a domácnosti |
| 610 | 2 | 0 | |a bohatstvo |
| 100 | 1 | |a Sipková, Ľubica, 1962- | |
| 700 | 1 | |a Sipko, Juraj | |